| 000 | 00441nam a22001697a 4500 | ||
|---|---|---|---|
| 005 | 20251108164337.0 | ||
| 008 | 250721s1997 xx 000 0 ara d | ||
| 082 | 1 | 4 | _a613.2/روا |
| 100 | 1 | _aالرواجبة، عايدة | |
| 245 | 1 | 0 | _aالطريق إلى الصحة / |
| 264 | 1 |
_aعمان : _bدار ميرزا، _c1997. |
|
| 300 | _a103ص | ||
| 650 | 1 | 7 | _aالأغذية |
| 650 | 1 | 7 | _aالصحة |
| 942 |
_2ddc _cBK |
||
| 999 |
_c9825 _d9825 |
||